=LDR 00000nam 2200000 4500 =001 INLIS000000000005527 =005 20130612093754 =008 ***********************************ind** =035 ##$$0010-061300000005527 =041 ##$$a ind =082 ##$$a 080 =090 ##$$a 080, Dal p =100 ##$$a Daljoeni, N =245 ##$$a Perubahan Sosial dan Tanggapan Manusia, Daljoeni, N =260 ##$$a 1979 $b Bandung =300 ##$$a 114 hlm., ilus., 21 cm =650 ##$$a Sosiologi =850 ##$$a NBPNMAT